| 000 | 02218nam a2200301 a 4500 | ||
|---|---|---|---|
| 001 | BRCA_8796 | ||
| 005 | 20190320210421.0 | ||
| 008 | 190417s1771----sp-#######---#000-0#spa-# | ||
| 041 | _aspa | ||
| 044 | _asp | ||
| 084 |
_aBE177 _b.V35 1771 |
||
| 100 | 1 |
_aValentín de la Madre de Dios _921849 |
|
| 245 | 1 | 0 |
_aFuero de la conciencia _bescrito por el P. Fr. Valentin de la Madre de Dios, carmelita descalzo; con la bulas de N. SS. Padre Benedicto Decimoquarto, pertenecientes ad mores; por los RR: PP. Fr. Juan Antonio de S. Agustin, y Fr. Julian del Santisimo Sacramento, de la misma Orden; añadee por este ultimo una instrucción práctica para los Párrocos y Confesores, sobre el modo de recurrir por las dispensas, en los impedimentos ocultos de Matrimonio, Irregularidades, votos, &c; divido en dos partes; parte segunda. |
| 250 | _a4a. ed. | ||
| 260 |
_aMadrid _ben la Oficina de Pantaleón Aznar _c1771 |
||
| 300 |
_a[6], 536 p. (t.2) _c21.5 x 15 cm. |
||
| 500 | _aCon las licencias necesarias | ||
| 500 | _aCon marca de fuego: “Procedencia de la marca: Convento de San Francisco de Silao, Guanajuato(1). Institución: Provincia de San Pedro y San Pablo de Michoacán. Descripción: Abreviatura de la palabra Conv[en]to seguido del monograma compuesto por las iniciales “A”, “S”, “I” y “L” que se desata como Silao. El todo inscrito en un rectángulo. Observaciones: David Saavedra la adjudica al Convento Franciscano de Silao, Guanajuato. Con el testimonio de pertenencia ubicado en este ejemplar se corrobora la atribución realizada por David Saavedra. Ubicación de la marca en el libro: Canto superior, inferior y lateral” | ||
| 500 | _aEstado físico: presenta encuadernación en pergamino, con lomo semi desprendido y cintas rotas | ||
| 650 | 1 | 4 |
_aTeología _yS. XVIII _921930 |
| 650 | 1 | 4 |
_aSacramentos _921931 |
| 650 | 1 | 4 |
_aMoral cristiana _921932 |
| 700 | 1 |
_aJulián del Santísimo Sacramento _921853 |
|
| 700 | 1 |
_aJuan Antonio de San Agustín _921933 |
|
| 856 | _ahttp://www.marcasdefuego.buap.mx:8180/xmLibris/projects/firebrand/item.jsp?repository=marcas_de_fuego&key=marcas_de_fuego_franciscanas_20150807140752_1047.xml&num=130 | ||
| 902 | _aCFM | ||
| 942 |
_2lcc _cB |
||
| 999 |
_c8447 _d8447 |
||